000 00653nam a2200241 i 4500
001 C2-0145263
003 PPAK
005 20180727130654.0
008 980304s1996 my |||| ||||| | may d
020 _a9838381004
040 _aPPAK
_beng
_cPPAK
_erda
082 0 4 _a297.1226
_223
090 0 0 _a297.1226
_bAHM
_dG
100 0 _aAhmad Muhammad Abdul Ghafar,
_eauthor
245 1 0 _aPelajaran ilmu tajwid
264 1 _aKuala Lumpur :
_bSyarikat Nurulhas ,
_c1996
300 _a206 pages ;
_c22 cm
336 _2rdacontent
_atext
337 _2rdamedia
_aunmediated
338 _2rdacarrier
_avolume
650 1 0 _aKoran - Recitation
942 _ddc
_cB
999 _c45886
_d45886